Todas as funções do Super Sus - Statistics

Estatísticas Gerais
  • Esse quiz foi jogado 42 vezes
  • A pontuação média é 25 de 35
Estatísticas das Respostas
Dica Identidade Função % Correto
Tem o direito de matar impostores e Se matar um inocente, Você morre Tripulante Xerife
97%
Tenta encontrar pistas paradescobrir o impostor vendo as pegadas dos jogadores Tripulante Detetive
93%
Pode reviver pessoas mortas transportando o corpo á enfermaria Tripulante Medico
93%
Quando terminar suas tarefas você pode descobrir quem são os impostores mas quando faltar 1 tarefa para terminar, os impostores descobrem que você é o agente e tentar lhe eliminar Tripulante Agente
83%
Pode entrar em dutos econsegue consertar sabotagens instantaneamente 2 vezes na partida Tripulante Engenheiro
83%
Você tem como acessar um monitor de frequênciacardíaca para descobrir a hora da morte dos corpos e que pode hackear as cores dos jogadores em todas as salas Tripulante Hacker
83%
Pode saber todas as funções de cada jogador3 vezes por partida Tripulante Profeta
83%
Pode colocar bombas nos dutos de ventilação e quementrar nesse duto é explodido pela bomba do encanador que só pode ser usada depois da próxima reunião Tripulante Encanador
77%
Pode proteger os jogadores colocando um escudo neles e este escudo defende qualquer dano do jogador que estiver com o escudo do guardião Tripulante Guardião
77%
Pode se camuflar e qualquer movimento revela quem você é Impostor Camaleão
73%
Pode marcar um jogador e após isso, pode matar essa pessoa de qualquer lugar do mapa Impostor Ninja
73%
Tenta ser expulso se disfarçando de impostor Neutro Palhaço
73%
Pode acumular votos para uma futura reunião e jogar todos osvotos para uma única pessoa Tripulante Prefeito
73%
Tenta adivinhar a identidade de qualquer tripulante na reunião, se errar, você morre, se acertar, o tripulante morre Impostor Apostador
70%
Pode limpar corpos do chão e o corpo estará invisível e irreportável, mas aoser o ultimo impostor você pode matar jogadores para vencer Impostor Faxineiro
70%
Pode prender e executar um jogador suspeito e pode falar com o suspeitopelo microfone do jogo para tentar descobrir se é impostor ou tripulante Tripulante Guarda
70%
Pode adicionar 3 câmeras em qualquer local do mapa e usar um monitorpara olhar suas câmeras Tripulante Segurança
70%
Deve comer 3 corpos mortos na partida para reivindicar a vitória Neutro Canibal
67%
Pode mover corpos mortos Impostor Coveiro
67%
Pode fazer com que o tempo volte em 5 segundos e após voltar no tempotem a possibilidade de descobrir os impostores que mataram Tripulante Mestre do tempo
67%
Pode colocar gasolina nos tripulantes e jogar fogo em tudo Neutro Pirômano
67%
Pode usar uma habilidade que tem como proteger todos dentro do alcanceataques por um pequeno período Tripulante Samurai
67%
Pode ampliar a sua visão por um tempo limitado para tentardescobrir os impostores através das paredes Tripulante Vigia
67%
Pode se disfarçar de qualquer jogador obtendo a amostra da pessoa Impostor Espião
63%
Pode usar escudos 3 vezes na partida e deve sobreviver até o final Neutro Sobrevivente
63%
Pode cegar os tripulantes com granadas de luz Impostor Atordoador
60%
Cria dutos de ventilação e se locomover por eles Impostor Bruxo
60%
Recebe um alvo a cada 60 segundos para matar essa pessoa Impostor Caçador de cabeças
60%
Após sua morte, você ganha se concluir todas as suas tarefas Neutro Espectro
60%
Pode fingir ser um impostor para enganar os impostores e os impostoresnão podem derrotar você Tripulante Grinch
60%
Pode localizar um jogador e controlá-lo Impostor Marionetista
60%
Pode eliminar jogadores que usarem alguma habilidade em você, seja de impostores ou tripulantes Tripulante Veterano
60%
Pode reencarnar em um corpo após a morte Impostor Dementador
57%
Pode olhar se alguma pessoa está dentro da tubulação e quem mata-loreporta o corpo automaticamente Tripulante Armador
53%
Pode hipnotizar um jogador para ser seu servo Neutro Hipnólogo
53%
Nenhum quiz correspondente encontrado
Distribuição das Pontuações
Porcentagem de Pessoas com Cada Pontuação
Percentil de Números Respondidos
Sua Pontuação Histórica
Você não jogou esse quiz